Sefer Avne shoham; (Record no. 32666)

MARC details
000 -LEADER
fixed length control field 00650cam a22002171 4500
001 - CONTROL NUMBER
control field he 67001873
003 - CONTROL NUMBER IDENTIFIER
control field DLC
005 - DATE AND TIME OF LATEST TRANSACTION
control field 20260227111450.0
008 - FIXED-LENGTH DATA ELEMENTS--GENERAL INFORMATION
fixed length control field 890109s1966 is 000 0 heb
010 ## - LIBRARY OF CONGRESS CONTROL NUMBER
LC control number he 67001873
035 ## - SYSTEM CONTROL NUMBER
System control number (OCoLC)18993791
040 ## - CATALOGING SOURCE
Original cataloging agency DLC
Transcribing agency TxU
Modifying agency TxU
-- DLC
042 ## - AUTHENTICATION CODE
Authentication code premarc
050 00 - LIBRARY OF CONGRESS CALL NUMBER
Classification number BM506.M63
Item number L6
100 1# - MAIN ENTRY--PERSONAL NAME
Personal name Lorie, Moshe,
Dates associated with a name 1936-
245 10 - TITLE STATEMENT
Title Sefer Avne shoham;
Remainder of title kolel ḥidushim u-veʼurim be-ʻinyene Masekhet Mikvaʼot,
Statement of responsibility, etc. ḥubar ʻa. y. Mosheh Lorie.
260 ## - PUBLICATION, DISTRIBUTION, ETC.
Place of publication, distribution, etc. Yerushalayim,
Date of publication, distribution, etc. 727 [1966 or 7]
300 ## - PHYSICAL DESCRIPTION
Extent 162 p.
Dimensions 34 cm.
630 00 - SUBJECT ADDED ENTRY--UNIFORM TITLE
Uniform title Mishnah.
Name of part/section of a work Mikvaʼot
General subdivision Commentaries.
740 0# - ADDED ENTRY--UNCONTROLLED RELATED/ANALYTICAL TITLE
Uncontrolled related/analytical title Avne shoham.

No items available.

Powered by Koha